000 00605nam a2200217Ia 4500
003 GCL
008 140319s9999 xx 000 0 ara d
040 _aGCL /
_cGCL
082 0 4 _a808.83
_bس ا
100 1 _aسهير القلماوى
245 1 0 _aالف ليلة وليلة /
_cسهير القلماوى
300 _a326 ص
490 _a
650 0 4 _aالفولكلور
650 0 4 _aالادب
650 0 4 _aالادب - تاريخ ونقد
650 0 4 _aالادب الشعبى
650 0 4 _aالادب الهندى
650 0 4 _aالادب الشعبى - الهند
942 _2ddc
_cBK
999 _c38277
_d38277